| 000 | 00662cam a22002172 4500 | ||
|---|---|---|---|
| 001 | 0000012711 | ||
| 005 | 20151217152113.0 | ||
| 008 | 090315s xx 000 0 eng d | ||
| 020 | _a0071287944 : | ||
| 040 |
_aKABU _cKABU |
||
| 050 | 0 |
_aP90 _b.G75 2009 |
|
| 100 | 1 |
_aGriffin, Emory A. _@0000159891 |
|
| 245 | 1 | 2 |
_aA First look at communication theory / _cEm Griffin; special consultant, Glen McClish. |
| 250 | _a7th ed. | ||
| 260 |
_aBoston : _bMcGraw-Hill, _c2009. |
||
| 300 |
_axv, 486 p. : _bill. |
||
| 650 | 0 |
_aCommunication _xPhilosophy. _@0000159892 |
|
| 852 | 1 | _9p2050 KES | |
| 908 | _a090315 | ||
| 950 | _@1 | ||
| 999 |
_c8287 _d8287 |
||